[Event "ICS rated blitz match"]
[Site "204.178.125.65"]
[Date "2000.09.13"]
[Round "?"]
[White "rmdg567"]
[Black "Hossa"]
[Result "0-1"]
[WhiteElo "1970"]
[BlackElo "2472"]
[Annotator "Fritz 6 (22s)"]
[PlyCount "64"]
[EventDate "2000.??.??"]

1. e4 {B54: Sizilianisch (Rauser Anti-Drachen-Variante)} 1... c5 2. Nf3 e6 3.
d4 cxd4 4. Nxd4 Nc6 5. Nc3 a6 6. Be2 d6 7. Be3 Nf6 8. Qd2 Be7 9. O-O-O O-O 10.
g4 (10. h3 $5 $11) 10... Nxd4 11. Bxd4 {Weiss wird aktiv} 11... e5 12. Be3 Nxg4
13. Bxg4 Bxg4 14. Rde1 Bf3 15. Rhg1 f5 16. exf5 (16. Bh6 $5 Rf7 17. exf5 $17)
16... Rxf5 17. Nd5 b5 18. Bb6 Qd7 19. Ne3 Bg5 20. Ba5 (20. Kb1 Bf4 $19) 20...
Bf4 21. Kb1 Rh5 22. Qd3 Bxh2 23. Rgf1 $2 (23. Ng4 $142 Qc6 24. Nf6+ Kh8 25.
Nxh5 Bxg1 26. Rxg1 Bxh5 27. f4 $19) 23... d5 24. Qb3 (24. Bb4 $19) 24... Qf7
25. Nd1 d4 26. Qb4 Bg2 27. Rg1 Bxg1 28. Rxg1 Rh1 29. Rxh1 Bxh1 30. Qd6 Bf3 31.
Kc1 (31. Qxe5 {aendert nichts am Ausgang der Partie} 31... Bxd1 32. Qxd4 Bf3
$19) 31... Qxa2 32. Bb4 (32. Qa3 {ist noch eine Idee} 32... Qxa3 33. bxa3 $19)
32... Qa1+ (32... Qa1+ 33. Kd2 Qxd1#) 0-1

[Event "ICS rated blitz match"]
[Site "204.178.125.65"]
[Date "2000.09.13"]
[Round "?"]
[White "Hossa"]
[Black "rmdg567"]
[Result "1-0"]
[WhiteElo "2474"]
[BlackElo "1968"]
[Annotator "Fritz 6 (22s)"]
[PlyCount "73"]
[EventDate "2000.??.??"]

1. e4 {B78: Sizilianisch (Moderne Drachen-Variante)} 1... c5 2. Nf3 d6 {
Nimmt Einfluss auf e5} 3. d4 cxd4 4. Nxd4 Nf6 5. Nc3 g6 {Ueberdeckt f5} 6. Be3
Bg7 7. f3 O-O 8. Qd2 Nc6 9. Bc4 Bd7 10. O-O-O Qc7 11. Ncb5 Qb8 12. Bd3 a6 13.
Nc3 b5 14. Nxc6 Bxc6 15. Kb1 b4 16. Ne2 a5 17. Nd4 Bd7 18. Bh6 Rc8 19. g4 Bh8
20. Nf5 Bxf5 21. exf5 a4 22. Rhe1 b3 (22... a3 23. Qg5 Rc5 24. Rxe7 $15) 23.
fxg6 hxg6 (23... bxa2+ $5 24. Kxa2 hxg6 $17) 24. cxb3 axb3 25. a3 Rc7 26. h4
Qe8 (26... Rxa3 $1 {ist interessant} 27. bxa3 Nd5 $15) 27. h5 Rac8 28. hxg6
fxg6 29. Qg5 Rc5 $2 (29... Rc2 $142 {damit waere Schwarz im Spiel geblieben}
30. Rd2 Rxd2 31. Qxd2 Rc5 $16) 30. Bf5 Rc2 31. Rd2 Rxd2 32. Be6+ Kh7 33. Rh1
Rxb2+ 34. Kxb2 Ne4+ $4 {wild schwanken die Waagschalen...} (34... Nh5+ $142 $1
{und Schwarz gewinnt} 35. Kb1 Rc2 $19) 35. Bg7+ Kxg7 36. fxe4 Rc2+ 37. Kb1 (37.
Kb1 b2 38. Kxc2 Qa4+ 39. Kxb2 Qd4+ 40. Ka2 Qf2+ 41. Kb1 Qb6+ 42. Kc1 Qc5+ 43.
Qxc5 dxc5 44. g5 c4 45. a4 c3 46. a5 Kf8 47. Rxh8+ Kg7 48. a6 Kxh8 49. a7 Kg7
50. a8=Q c2 51. Qg8#) 1-0

[Event "ICS rated blitz match"]
[Site "204.178.125.65"]
[Date "2000.09.13"]
[Round "?"]
[White "rmdg567"]
[Black "Hossa"]
[Result "0-1"]
[WhiteElo "1966"]
[BlackElo "2476"]
[Annotator "Fritz 6 (22s)"]
[PlyCount "78"]
[EventDate "2000.??.??"]

1. e4 {B54: Sizilianisch (Rauser Anti-Drachen-Variante)} 1... c5 2. Nf3 e6 3.
d4 cxd4 4. Nxd4 Nc6 5. Nc3 a6 6. Be2 d6 7. Be3 Nf6 8. Qd2 Be7 9. O-O-O O-O 10.
h3 {Punkt g4} 10... Qc7 11. g4 Ne5 12. g5 Nfd7 13. f4 Nc4 14. Bxc4 Qxc4 15. f5
{Raumvorteil} 15... Ne5 16. f6 gxf6 17. gxf6 Bxf6 18. Rhg1+ Ng6 19. b3 Qb4 20.
Kb2 Bg7 21. a3 Qc5 22. h4 b5 23. Rg5 Be5 24. h5 f6 25. Nde2 Qc6 26. hxg6 $4 {
danach kann Weiss alle Traeume begraben} (26. Rgg1 $142 {
und die Waage neigt sich zugunsten von Weiss} 26... b4 27. axb4 (27. hxg6 $6 {
bringt nichts} 27... bxc3+ 28. Nxc3 hxg6 $11) 27... Qxe4 28. Nd4 $18) 26...
fxg5 27. gxh7+ Kxh7 28. Rh1+ Kg8 29. Bd4 {Aufpassen!} 29... Bf4 30. Nxf4 Rxf4 {
Uebt Druck auf den Isolani e4 aus} 31. Be3 (31. Qg2 Kf7 32. Rh7+ Ke8 33. Qxg5
$18) 31... Rg4 32. Bxg5 {|^h2 darf nicht uebersehen werden.} 32... a5 33. Bf6 (
33. Qh2 Qc4 34. Qh8+ Kf7 35. Qf6+ Ke8 36. Qe7#) 33... b4 34. Na4 $4 {
und raufte sich die Haare} (34. Rh8+ Kf7 35. Rh7+ Kg8 36. Qh6 bxc3+ 37. Ka2 Qb7
38. Rh8+ Kf7 39. Rf8#) 34... Kf7 35. Qf2 $4 {danach wendet sich das Blatt} (35.
Rh7+ Kxf6 36. Qf2+ Ke5 37. Rh5+ Kxe4 38. Qe1+ Kf4 39. Qc1+ Kg3 40. Qe3+ Qf3 41.
Rh3+ Kxh3 42. Qxf3+ Kh2 43. Qxg4 bxa3+ 44. Kxa3 $18) 35... Qxe4 36. axb4 $4 {
der letzte Fehler} (36. Be5+ Qf5 37. Rh7+ Kf8 38. Bxd6+ Kg8 39. Qxf5 exf5 40.
Rc7 $17) 36... Qxh1 37. Bc3+ (37. Nb6 {hilft auch nicht mehr} 37... Rg2 38. Qh4
Qxh4 39. Bxh4 Rb8 40. bxa5 e5 $19) 37... Ke8 38. Nb6 (38. Qe2 {
nuetzt auch nichts mehr} 38... Rg1 39. bxa5 Ra1 $19) 38... axb4 39. Bd2 (39.
Nxa8 {die letzte Gegenchance} 39... bxc3+ 40. Kxc3 Qa1+ 41. Kd3 Qxa8 42. c4 $19
) 39... Qa1# 0-1

[Event "ICS rated standard match"]
[Site "204.178.125.65"]
[Date "2000.09.13"]
[Round "?"]
[White "Hossa"]
[Black "chancery"]
[Result "1-0"]
[WhiteElo "2371"]
[BlackElo "1980"]
[Annotator "Fritz 6 (22s)"]
[PlyCount "61"]
[EventDate "2000.??.??"]

1. d4 {E92: Koenigsindisch (Klassisches System)} 1... Nf6 2. c4 g6 3. Nc3 Bg7
4. Nf3 O-O 5. e4 d6 {Der Gegner darf nicht nach e5} 6. Be2 e5 7. dxe5 dxe5 8.
Qxd8 Rxd8 9. Bg5 c6 {Sichert b5+d5} 10. Nxe5 Re8 11. O-O-O Na6 12. f4 h6 13.
Bh4 g5 14. Bg3 Nc5 15. Bf3 g4 16. Be2 Nfxe4 17. Nxe4 Nxe4 18. Bxg4 Bxg4 19.
Nxg4 Nxg3 (19... h5 20. Nf2 $11) 20. hxg3 Re2 21. Rd2 Rae8 (21... Rxd2 $5 {
lohnt die Pruefung} 22. Kxd2 Rd8+ 23. Ke2 h5 24. Rxh5 Bxb2 25. Nh6+ Kf8 $16)
22. Nxh6+ Bxh6 23. Rxh6 Re1+ 24. Kc2 Kg7 25. Rh5 f6 26. Rd7+ Kg6 27. Rdh7 R1e2+
28. Kc3 R8e3+ 29. Kd4 Re4+ 30. Kc5 Rxg2 $4 {
ein Fehler, doch es war nicht viel zu retten} (30... b6+ 31. Kd6 Rd4+ 32. Kxc6
Rxc4+ 33. Kb7 Rc5 34. R5h6+ Kf5 $18) 31. f5# 1-0

[Event "ICS rated standard match"]
[Site "204.178.125.65"]
[Date "2000.09.13"]
[Round "?"]
[White "chancery"]
[Black "Hossa"]
[Result "1-0"]
[WhiteElo "1977"]
[BlackElo "2374"]
[PlyCount "149"]
[EventDate "2000.??.??"]

1. e4 c5 2. Nf3 e6 3. d4 cxd4 4. Nxd4 Nc6 5. Nc3 a6 6. Nxc6 bxc6 7. Bd3 d5 8.
O-O Nf6 9. Re1 d4 10. e5 dxc3 11. exf6 Qxf6 12. bxc3 Bc5 13. Be3 Bxe3 14. Rxe3
Bd7 15. Be4 e5 16. Rb1 Rd8 17. Rd3 c5 18. Rb7 O-O 19. Rbxd7 Rxd7 20. Rxd7 g6
21. g3 a5 22. Qd6 Qxd6 23. Rxd6 Rb8 24. Bd5 Rb2 25. Bb3 a4 26. Bxa4 Rxa2 27.
Rd8+ Kg7 28. Ra8 h5 29. Bc6 Rxc2 30. Ra3 g5 31. Be4 Rc1+ 32. Kg2 g4 33. h4 Kf6
34. Bd5 Kg6 35. c4 f5 36. Ra6+ Kg7 37. Re6 e4 38. Re7+ Kf6 39. Rf7+ Ke5 40. Rh7
Rc2 41. Re7+ Kf6 42. Re6+ Kg7 43. Kf1 Rc1+ 44. Ke2 Rc2+ 45. Ke3 Rb2 46. Re7+
Kf6 47. Rb7 Ra2 48. Rb6+ Ke7 49. Rc6 Ra3+ 50. Kf4 Rf3+ 51. Kg5 Rxf2 52. Kxh5
Rf1 53. Kg5 Kd7 54. Re6 Rf3 55. h5 Rxg3 56. Kxf5 Rh3 57. Kxg4 Rh2 58. Rxe4 Kd8
59. Kg5 Rg2+ 60. Rg4 Re2 61. h6 Re7 62. Kg6 Rd7 63. h7 Kc7 64. h8=Q Re7 65. Re4
Rd7 66. Qa8 Rd6+ 67. Re6 Rxe6+ 68. Bxe6 Kd6 69. Qd5+ Kc7 70. Qxc5+ Kb7 71. Qb5+
Kc7 72. c5 Kd8 73. Qb7 Ke8 74. Qd7+ Kf8 75. Qf7# {Hossa checkmated} 1-0

[Event "ICS rated standard match"]
[Site "204.178.125.65"]
[Date "2000.09.13"]
[Round "?"]
[White "De-TaxMan"]
[Black "Hossa"]
[Result "0-1"]
[WhiteElo "2283"]
[BlackElo "2345"]
[PlyCount "134"]
[EventDate "2000.??.??"]

1. c4 b6 2. d4 Bb7 3. Nc3 e6 4. e4 Bb4 5. Bd3 Nf6 6. f3 d5 7. Qa4+ Nc6 8. cxd5
exd5 9. Ba6 Bxa6 10. Qxc6+ Kf8 11. Qa4 Bxc3+ 12. bxc3 Bc4 13. Bg5 b5 14. Qb4+
Qd6 15. Bxf6 gxf6 16. Qxd6+ cxd6 17. exd5 Re8+ 18. Kf2 Rg8 19. a4 Re7 20. axb5
Bxb5 21. g3 Kg7 22. Ra5 a6 23. h4 Bc4 24. g4 f5 25. g5 f4 26. Ra4 Rc8 27. h5 f6
28. h6+ Kg6 29. gxf6 Kxf6 30. Rh4 Kg5 31. Rg4+ Kxh6 32. Rxf4 Kg7 33. Re4 Rxe4
34. fxe4 Bb5 35. Ra3 Re8 36. Nf3 Rxe4 37. Ng5 Re2+ 38. Kf3 Rh2 39. Kg3 Rh1 40.
Ne6+ Kg6 41. Nc7 Rg1+ 42. Kf4 Rf1+ 43. Ke3 Re1+ 44. Kd2 Re2+ 45. Kd1 Bc4 46.
Ra4 Bb3+ 47. Kxe2 Bxa4 48. c4 Kf5 49. Kf3 h5 50. c5 a5 51. c6 Bb3 52. Kg3 Kf6
53. Na8 Ke7 54. Kf4 a4 55. Nb6 Kd8 56. Nxa4 Bxa4 57. Kg5 h4 58. Kxh4 Bb3 59.
Kg5 Kc7 60. Kf6 Bxd5 61. Ke7 Bg2 62. Ke6 Be4 63. d5 Bf3 64. Kf5 Bxd5 65. Kf4
Bc4 66. Ke3 d5 67. Kd4 Kxc6 {De-TaxMan resigns} 0-1

[Event "ICS rated blitz match"]
[Site "204.178.125.65"]
[Date "2000.09.13"]
[Round "?"]
[White "Hossa"]
[Black "lopezjh"]
[Result "1-0"]
[WhiteElo "2478"]
[BlackElo "1905"]
[PlyCount "29"]
[EventDate "2000.??.??"]

1. e4 c5 2. Nf3 d6 3. Bc4 e6 4. O-O Nc6 5. d4 cxd4 6. Nxd4 Nf6 7. Nc3 Be7 8.
Bg5 O-O 9. Nxc6 bxc6 10. Qf3 d5 11. Bd3 dxe4 12. Nxe4 Nxe4 13. Bxe7 Nd2 14. Qh3
Nf3+ 15. gxf3 {lopezjh resigns} 1-0

[Event "ICS rated blitz match"]
[Site "204.178.125.65"]
[Date "2000.09.13"]
[Round "?"]
[White "Hossa"]
[Black "NAGLAABD"]
[Result "1/2-1/2"]
[WhiteElo "2494"]
[BlackElo "2450"]
[PlyCount "149"]
[EventDate "2000.??.??"]

1. e4 e6 2. d4 d5 3. Nc3 dxe4 4. Nxe4 Bd7 5. Nf3 Bc6 6. Bd3 Nd7 7. O-O Ngf6 8.
Ng3 Bxf3 9. Qxf3 c6 10. c3 Be7 11. Re1 O-O 12. a4 Re8 13. Bd2 a5 14. b3 Qc7 15.
Bf4 Bd6 16. Bxd6 Qxd6 17. Ne4 Nxe4 18. Rxe4 Nf8 19. Rg4 g6 20. Qe3 e5 21. Qh6
exd4 22. Rxd4 Qe5 23. Rd1 Rad8 24. Bf1 Rxd4 25. cxd4 Qf6 26. d5 Rd8 27. Bc4 Ne6
28. Qd2 cxd5 29. Bxd5 b6 30. Qd3 Kg7 31. Qc2 Nc5 32. Qe2 Rd6 33. Qg4 Qd8 34.
Qf3 Qf6 35. Qxf6+ Kxf6 36. g3 g5 37. Bf3 Rxd1+ 38. Bxd1 Ke5 39. h4 h6 40. hxg5
hxg5 41. Bh5 f6 42. Bf7 Kd4 43. Kg2 Kc3 44. Kf3 Nxb3 45. Ke4 Nc5+ 46. Kf5 Nxa4
47. Kxf6 Nb2 48. Kxg5 a4 49. f4 a3 50. f5 Nc4 51. Bxc4 Kxc4 52. f6 a2 53. f7
a1=Q 54. f8=Q Qe5+ 55. Kh4 b5 56. g4 Qh2+ 57. Kg5 b4 58. Qf7+ Kc3 59. Qf6+ Kc2
60. Qf5+ Kc3 61. Qc5+ Kb3 62. Qd5+ Ka4 63. Qc6+ Ka3 64. Qa6+ Kb2 65. Qf6+ Ka3
66. Qa6+ Kb3 67. Qd3+ Ka4 68. Qd7+ Ka3 69. Qa7+ Kb3 70. Qf7+ Kb2 71. Qf6+ Kc2
72. Qf5+ Kc3 73. Qc5+ Kb3 74. Qd5+ Kc3 75. Qc5+ {Game drawn by repetition}
1/2-1/2

[Event "ICS Rated blitz match"]
[Site "204.178.125.65"]
[Date "2000.09.13"]
[Round "?"]
[White "Hossa"]
[Black "tine"]
[Result "1-0"]
[WhiteElo "2476"]
[BlackElo "1955"]
[PlyCount "49"]
[EventDate "2000.??.??"]

1. e4 e5 2. Bc4 Nf6 3. d3 Be7 4. f4 d6 5. fxe5 dxe5 6. Nf3 Nc6 7. O-O O-O 8.
Qe1 Bc5+ 9. Be3 Qe7 10. Nc3 Ng4 11. Bxc5 Qxc5+ 12. Kh1 Na5 13. Na4 Qe3 14. Qxa5
Nf2+ 15. Rxf2 Qxf2 16. Qxc7 Bg4 17. Qc5 Qxc5 18. Nxc5 Rfe8 19. Nxb7 Rab8 20.
Nd6 Re7 21. Nxf7 Rxf7 22. Bxf7+ Kxf7 23. Nxe5+ Ke6 24. Nxg4 Rxb2 25. Ne3 {
tine resigns} 1-0

[Event "ICS rated blitz match"]
[Site "204.178.125.65"]
[Date "2000.09.13"]
[Round "?"]
[White "gaudi"]
[Black "Hossa"]
[Result "0-1"]
[WhiteElo "2018"]
[BlackElo "2482"]
[PlyCount "60"]
[EventDate "2000.??.??"]

1. Nf3 d5 2. b3 c5 3. Bb2 f6 4. e3 e5 5. Be2 Nc6 6. d3 Bd6 7. Nbd2 Nge7 8. O-O
O-O 9. e4 Be6 10. Ne1 f5 11. exd5 Nxd5 12. Nc4 Bc7 13. a4 e4 14. dxe4 fxe4 15.
f3 e3 16. g3 Qe7 17. Ng2 Rad8 18. Qc1 Nd4 19. Bxd4 cxd4 20. Bd3 Bh3 21. Be4 Nc3
22. Bd3 Qf6 23. Kh1 Qc6 24. Ncxe3 dxe3 25. Qxe3 Bb6 26. Qg5 Rxf3 27. Bxh7+ Kh8
28. Rxf3 Qxf3 29. Rg1 Bxg2+ 30. Rxg2 Rd1# {gaudi checkmated} 0-1

[Event "ICS rated blitz match"]
[Site "204.178.125.65"]
[Date "2000.09.13"]
[Round "?"]
[White "gaudi"]
[Black "Hossa"]
[Result "0-1"]
[WhiteElo "2007"]
[BlackElo "2492"]
[PlyCount "30"]
[EventDate "2000.??.??"]

1. e4 e5 2. Nf3 Nc6 3. Bb5 a6 4. Ba4 Nf6 5. O-O Be7 6. Re1 b5 7. Bb3 d6 8. c3
O-O 9. h3 Bb7 10. d3 a5 11. a4 b4 12. cxb4 Nxb4 13. d4 exd4 14. Qxd4 c5 15. Qc4
Bxe4 {gaudi resigns} 0-1

[Event "ICS rated blitz match"]
[Site "204.178.125.65"]
[Date "2000.09.13"]
[Round "?"]
[White "Hossa"]
[Black "IndianKing"]
[Result "1-0"]
[WhiteElo "2494"]
[BlackElo "2262"]
[PlyCount "67"]
[EventDate "2000.??.??"]

1. e4 g6 2. d4 Bg7 3. Nc3 c6 4. Nf3 d5 5. h3 Qa5 6. exd5 cxd5 7. Bb5+ Nc6 8.
Ne5 Bd7 9. Nxd7 Kxd7 10. O-O e6 11. Be3 Nge7 12. Qg4 a6 13. Ba4 h5 14. Qf4 Nf5
15. Bxc6+ bxc6 16. a3 Rag8 17. Qf3 g5 18. Qd1 g4 19. h4 Nxh4 20. b4 Qc7 21. Na4
g3 22. Nc5+ Ke8 23. Nxa6 Qc8 24. Qd3 Bf6 25. Nc5 Nf5 26. c3 h4 27. Bf4 h3 28.
fxg3 hxg2 29. Kxg2 Rg4 30. Qa6 Qxa6 31. Nxa6 Rhg8 32. Kh2 Nxg3 33. Bxg3 Rxg3
34. Rxf6 {IndianKing resigns} 1-0

[Event "ICS rated standard match"]
[Site "204.178.125.65"]
[Date "2000.09.13"]
[Round "?"]
[White "Hossa"]
[Black "BrazilianMaster"]
[Result "0-1"]
[WhiteElo "2358"]
[BlackElo "2576"]
[PlyCount "118"]
[EventDate "2000.??.??"]

1. e4 c5 2. Nf3 e6 3. d4 cxd4 4. Nxd4 Nf6 5. Nc3 Bb4 6. Bd2 Nc6 7. Nxc6 dxc6 8.
e5 Nd5 9. Qg4 g6 10. O-O-O Qa5 11. Ne4 Bxd2+ 12. Rxd2 Qxa2 13. Nd6+ Kf8 14. c3
Qa1+ 15. Kc2 Kg7 16. Rd1 Qa5 17. Bd3 Rd8 18. Ra1 Qc7 19. h4 f5 20. Qg3 h5 21.
Be2 Kh7 22. Bc4 b5 23. Ba2 a5 24. Qg5 b4 25. c4 a4 26. Kb1 Ba6 27. g4 fxg4 28.
Kc1 Ne7 29. Bb1 Nf5 30. Rxa4 Rf8 31. Kd2 Qa7 32. Ke1 Qg7 33. Bxf5 exf5 34. Qf4
Bxc4 35. Rxa8 Rxa8 36. Kd2 Bd5 37. Re1 c5 38. Rc1 Ra2 39. Ne8 Rxb2+ 40. Ke1 Qb7
41. Qg5 Bf7 42. Nf6+ Kg7 43. Nxh5+ Kg8 44. Qd8+ Kh7 45. Nf6+ Kg7 46. Nd5 Qxd5
47. Qxd5 Bxd5 48. Rxc5 Bf3 49. Rc7+ Kf8 50. Rc8+ Ke7 51. Rb8 b3 52. h5 gxh5 53.
e6 Re2+ 54. Kf1 Rd2 55. Rb7+ Bxb7 56. Ke1 Rc2 57. Kf1 b2 58. Kg1 g3 59. fxg3
b1=Q# {Hossa checkmated} 0-1

[Event "ICS rated standard match"]
[Site "204.178.125.65"]
[Date "2000.09.13"]
[Round "?"]
[White "BrazilianMaster"]
[Black "Hossa"]
[Result "1-0"]
[WhiteElo "2583"]
[BlackElo "2351"]
[PlyCount "81"]
[EventDate "2000.??.??"]

1. e4 c5 2. Nf3 e6 3. Nc3 Nf6 4. d4 cxd4 5. Nxd4 Bb4 6. Bd2 Nc6 7. Nxc6 dxc6 8.
e5 Nd5 9. Qg4 g6 10. O-O-O Qa5 11. Ne4 Bxd2+ 12. Rxd2 Qxa2 13. Nd6+ Kd7 14. c4
f5 15. Qg5 Qa1+ 16. Kc2 Qa4+ 17. Kb1 h6 18. Qxg6 Nc3+ 19. bxc3 Qb3+ 20. Kc1
Qxc3+ 21. Kd1 Qa1+ 22. Kc2 Qa4+ 23. Kd3 Kc7 24. Ke3 Bd7 25. Nxb7 Qa3+ 26. Ke2
Qe7 27. Nd6 Be8 28. Qg3 Qg5 29. Qa3 Bh5+ 30. f3 a5 31. Rb2 Kd8 32. Rb7 Rh7 33.
Rxh7 Qg8 34. Nb7+ Kc8 35. Qe7 Bxf3+ 36. gxf3 Qxh7 37. Nd6+ Kb8 38. Qd8+ Ka7 39.
Qxa5+ Kb8 40. Qb6+ Qb7 41. Qxb7# {Hossa checkmated} 1-0

[Event "ICS Rated blitz match"]
[Site "204.178.125.65"]
[Date "2000.09.13"]
[Round "?"]
[White "QueenMaxima"]
[Black "Hossa"]
[Result "1-0"]
[WhiteElo "2592"]
[BlackElo "2501"]
[Annotator "Fritz 6 (22s)"]
[PlyCount "94"]
[EventDate "2000.??.??"]

1. d4 {D06: Damengambit (Seltene Zuege)} 1... d5 2. c4 Nf6 3. cxd5 Bf5 4. Nc3
Nxd5 5. Qb3 Nxc3 6. bxc3 b6 7. Nf3 e6 8. g3 Be7 9. Bg2 Be4 10. O-O Nc6 11. Bf4
O-O 12. Rad1 a6 13. c4 Re8 (13... g5 14. Qe3 Bxf3 15. Qxf3 Nxd4 $16) 14. Qe3
Bxf3 (14... f5 15. Ng5 Bxg5 16. Bxg5 $16) 15. Qxf3 Nxd4 16. Qd3 Bf6 17. e3 e5
18. Bxe5 Rxe5 19. exd4 Re8 20. Bxa8 Qxa8 21. Rfe1 {Ermoeglicht auch d5} 21...
Rd8 22. d5 Qc8 23. Re4 Bg5 24. Rde1 Bf6 25. Qe3 g5 26. h4 gxh4 27. Qf3 Bg7 28.
Re7 Rf8 29. gxh4 Kh8 30. Qf4 Rg8 31. Kh2 c6 32. Rxf7 cxd5 33. cxd5 Qc3 (33...
b5 $18 {verlaengert das Leiden}) 34. Ree7 a5 35. h5 Qb4 36. Qg3 Qxe7 37. Rxe7
h6 {Weiss darf Schwarz nun nicht zu Bf6 kommen lassen} 38. d6 Bf6 (38... b5 {
holt die Kuh nicht vom Eis} 39. d7 Bf8 40. Qe5+ Bg7 41. Rxg7 a4 42. Re7+ Rg7
43. Qxg7#) 39. Qf4 Bg7 (39... Rg7 {aendert den Lauf der Dinge nicht} 40. Re8+
Kh7 41. Qf5+ Rg6 42. Qxg6#) 40. Rxg7 Kxg7 41. Qg4+ Kh7 42. Qxg8+ Kxg8 43. d7
Kg7 44. d8=Q Kf7 45. Qc7+ Ke8 46. Qc6+ Kf7 47. Qxh6 b5 (47... Ke7 {
waere gleichermassen fruchtlos} 48. Qe3+ Kd7 49. h6 Kc6 50. h7 Kd5 51. h8=Q a4
52. Qd8+ Kc4 53. Qdd3+ Kb4 54. Qxb6#) 1-0

[Event "ICS Rated blitz match"]
[Site "204.178.125.65"]
[Date "2000.09.13"]
[Round "?"]
[White "Hossa"]
[Black "counterplay"]
[Result "0-1"]
[WhiteElo "2489"]
[BlackElo "2724"]
[PlyCount "148"]
[EventDate "2000.??.??"]

1. d4 Nf6 2. c4 e6 3. Nf3 b6 4. g3 Ba6 5. b3 Bb7 6. Bg2 Bb4+ 7. Bd2 a5 8. O-O
O-O 9. Qc2 h6 10. Nc3 d5 11. cxd5 exd5 12. a3 Be7 13. Nh4 Nbd7 14. Nf5 c5 15.
Be3 Re8 16. Qd2 Bf8 17. Rfc1 Ne4 18. Nxe4 dxe4 19. Bf4 Nf6 20. dxc5 Qxd2 21.
Bxd2 bxc5 22. Bc3 Nd5 23. Bd2 a4 24. bxa4 Rxa4 25. Ne3 Nxe3 26. Bxe3 c4 27. Rc3
Rd8 28. Bf4 Bc5 29. Be3 Be7 30. Ra2 Rd1+ 31. Bf1 Rb1 32. Bc1 Bf6 33. Rac2 Bxc3
34. Rxc3 Rb3 35. Rc2 c3 36. h3 Rd4 37. Bg2 Rd1+ 38. Kh2 Bc6 39. g4 Ba4 40. Bxe4
Rb1 41. Be3 Bxc2 42. Bxc2 Rh1+ 43. Kg2 Rhg1+ 44. Kh2 Rh1+ 45. Kg2 Rbe1 46. Bf4
Reg1+ 47. Kf3 Rxh3+ 48. Bg3 Ra1 49. Ke3 Rxa3 50. Kd4 h5 51. gxh5 Rxh5 52. Kc4
Rh6 53. Kb4 Ra2 54. Kb3 Rha6 55. Bh4 R6a3+ 56. Kb4 Ra8 57. Kb3 R2a7 58. Bg3 Rc8
59. Bd6 Rb7+ 60. Bb4 Rcb8 61. Kxc3 Rxb4 62. e3 R4b7 63. Be4 Rb3+ 64. Kd2 Rb2+
65. Ke1 R8b4 66. Bd5 Rh4 67. Kf1 Rh2 68. Kg1 Rhxf2 69. Bc4 Rg2+ 70. Kh1 Rg5 71.
Bf1 Rb1 72. e4 Rxf1+ 73. Kh2 Rf6 74. e5 Rh6# {Hossa checkmated} 0-1

[Event "ICS rated blitz match"]
[Site "204.178.125.65"]
[Date "2000.09.13"]
[Round "?"]
[White "Hossa"]
[Black "QueenMaxima"]
[Result "1-0"]
[WhiteElo "2482"]
[BlackElo "2574"]
[PlyCount "139"]
[EventDate "2000.??.??"]

1. d4 e6 2. e4 Nc6 3. Nf3 d5 4. e5 Bd7 5. Nc3 Nge7 6. h4 h6 7. a3 Nf5 8. g4
Nfe7 9. Bd3 h5 10. gxh5 Rxh5 11. Bg5 g6 12. Bf6 Na5 13. Be2 Qc8 14. b4 Nac6 15.
b5 Na5 16. Ng5 Rh6 17. Qd2 Nc4 18. Bxc4 dxc4 19. Qf4 Nf5 20. d5 a6 21. Qxc4
axb5 22. Nxb5 c6 23. dxe6 Bxe6 24. Nxe6 fxe6 25. Nd4 Nxd4 26. Qxd4 Rxa3 27.
Rxa3 Bxa3 28. Qe4 Qc7 29. Bg5 Rh7 30. O-O Rf7 31. Ra1 Qb6 32. Bf6 Qb2 33. Re1
Qc3 34. Rd1 Rxf6 35. exf6 Qxf6 36. Rd3 Be7 37. Rb3 Qf5 38. Qxf5 gxf5 39. h5 b5
40. h6 Kf7 41. Rc3 c5 42. h7 Kg7 43. Rh3 Kh8 44. Kf1 Bf6 45. Ke2 Bd4 46. f4 b4
47. Kd3 e5 48. fxe5 Bxe5 49. Kc4 Bd4 50. Rf3 Kxh7 51. Rxf5 Kg6 52. Rxc5 Bxc5
53. Kxc5 Kf5 54. Kxb4 Ke6 55. c4 Kd6 56. Kb5 Kc7 57. Kc5 Kd7 58. Kb6 Ke7 59. c5
Kd7 60. c6+ Kd6 61. c7 Kd7 62. Kb7 Ke6 63. c8=Q+ Ke5 64. Qg4 Kd5 65. Qf4 Kc5
66. Qe4 Kd6 67. Qf5 Ke7 68. Kc7 Ke8 69. Kd6 Kd8 70. Qf8# {
QueenMaxima checkmated} 1-0

[Event "ICS rated blitz match"]
[Site "204.178.125.65"]
[Date "2000.09.13"]
[Round "?"]
[White "Athlon900"]
[Black "Hossa"]
[Result "1-0"]
[WhiteElo "2798"]
[BlackElo "2502"]
[PlyCount "109"]
[EventDate "2000.??.??"]

1. e4 e5 2. Nf3 Nc6 3. d4 exd4 4. Nxd4 Nf6 5. Nxc6 bxc6 6. Bd3 d5 7. exd5 cxd5
8. O-O Be7 9. c4 d4 10. Bf4 O-O 11. Re1 Re8 12. Be5 c5 13. Na3 Be6 14. Nb5 Nd7
15. Bc7 Qc8 16. Bg3 Rd8 17. Nc7 Nf6 18. Be5 Nd7 19. Bg3 Nf6 20. Be5 Nd7 21. Bf4
Nf6 22. Qf3 Rb8 23. Nxe6 fxe6 24. Bxb8 Qxb8 25. Qh3 Bd6 26. Rxe6 Qb7 27. Rae1
Qc7 28. b3 Rf8 29. g3 Qd7 30. Qf5 Qc7 31. R1e2 a6 32. f3 a5 33. Kg2 Kh8 34. Kh1
g6 35. Qg5 Kg7 36. f4 Rf7 37. f5 Qc6+ 38. Kg1 Qf3 39. Rd2 Qc6 40. fxg6 h6 41.
Qxh6+ Kxh6 42. gxf7 Qd7 43. Rxf6+ Kg7 44. Rdf2 Kf8 45. Rg6 Qd8 46. Rg8+ Ke7 47.
f8=Q+ Qxf8 48. Rgxf8 Bc7 49. R2f7+ Kd6 50. Rg8 Kc6 51. Be4+ Kb6 52. Rg6+ Ka7
53. Rxc7+ Kb8 54. Rh7 Kc8 55. Rg8# {Hossa checkmated} 1-0

[Event "ICS rated blitz match"]
[Site "204.178.125.65"]
[Date "2000.09.13"]
[Round "?"]
[White "QueenMaxima"]
[Black "Hossa"]
[Result "1-0"]
[WhiteElo "2554"]
[BlackElo "2497"]
[PlyCount "141"]
[EventDate "2000.??.??"]

1. d4 Nf6 2. Bf4 e6 3. e3 Be7 4. Nc3 O-O 5. Bd3 Nc6 6. Nf3 Nh5 7. Bg3 Nb4 8.
Nd2 Nxg3 9. hxg3 Nxd3+ 10. cxd3 g6 11. Rc1 d5 12. Qc2 c6 13. f4 f6 14. Qd1 Bd6
15. Kf2 e5 16. dxe5 fxe5 17. Ne2 Rf7 18. Nf3 Qe7 19. a4 Bd7 20. Qd2 Re8 21. Rh6
e4 22. dxe4 dxe4 23. Nfd4 c5 24. Nb5 Bxb5 25. axb5 Rd8 26. Qc3 Qd7 27. Rch1 Qe6
28. Ra1 b6 29. Ra6 Rfd7 30. Rh1 Qd5 31. g4 Rf7 32. Ra4 Be5 33. Qc4 Qd7 34. b4
cxb4 35. Rxb4 Qxg4 36. Rxh7 Bg7 37. Rh2 Rd2 38. Rh3 Bf6 39. Rb1 Bh4+ 40. Kf1 g5
41. Rc1 Qh5 42. Qc8+ Kh7 43. g4 Qg6 44. Rc6 Rd1+ 45. Kg2 Rd6 46. fxg5 Rf2+ 47.
Kh1 Rf1+ 48. Ng1 Rxg1+ 49. Kxg1 Rd1+ 50. Kh2 Rd2+ 51. Kh1 Rd1+ 52. Kg2 Rd2+ 53.
Kf1 Qf7+ 54. Qf5+ Qxf5+ 55. gxf5 Rf2+ 56. Kg1 Rxf5 57. Rxh4+ Kg7 58. g6 Rg5+
59. Kf2 Rxg6 60. Rxe4 Rf6+ 61. Rf4 Rg6 62. Rxg6+ Kxg6 63. e4 Kg5 64. Ke3 Kh5
65. e5 Kg6 66. e6 Kh6 67. e7 Kg6 68. e8=Q+ Kg5 69. Qg8+ Kh5 70. Rg4 a5 71. Qg6#
{Hossa checkmated} 1-0

[Event "ICS rated blitz match"]
[Site "204.178.125.65"]
[Date "2000.09.13"]
[Round "?"]
[White "PostModernist"]
[Black "Hossa"]
[Result "1-0"]
[WhiteElo "2668"]
[BlackElo "2484"]
[PlyCount "119"]
[EventDate "2000.??.??"]

1. d4 Nf6 2. c4 e6 3. Nf3 b6 4. g3 Ba6 5. Qb3 Nc6 6. Bd2 Bb7 7. d5 exd5 8. cxd5
Ne5 9. Qe3 Nfg4 10. Qe4 Bc5 11. Bh3 Nxf2 12. Qxe5+ Kf8 13. Rf1 Nxh3 14. Bc3 f6
15. Qf5 Qe8 16. Qxh3 Bxd5 17. Nbd2 Be3 18. Qf5 Be6 19. Qd3 Bh3 20. Nc4 Bc5 21.
O-O-O Bxf1 22. Rxf1 b5 23. Ncd2 d6 24. Ng5 Be3 25. Nxh7+ Kg8 26. Nxf6+ gxf6 27.
Qd5+ Qf7 28. Qxa8+ Qf8 29. Qxf8+ Kxf8 30. h4 Ke8 31. Rxf6 Rh7 32. Re6+ Re7 33.
Rxe7+ Kxe7 34. g4 c5 35. g5 d5 36. Bf6+ Ke6 37. h5 Kf5 38. h6 Kg6 39. Kc2 Kh7
40. Kd3 Bf4 41. Nf3 Bg3 42. b4 Bd6 43. bxc5 Bxc5 44. Nd4 a5 45. Nxb5 Kg6 46.
Nc7 d4 47. Ne6 Bd6 48. a4 Kh7 49. Bxd4 Kg6 50. Bc3 Ba3 51. Bxa5 Bd6 52. Bc7 Ba3
53. a5 Kf7 54. h7 Kxe6 55. h8=Q Kd7 56. Qd8+ Kc6 57. Kc4 Bb4 58. Qc8 Bd6 59.
Bd8+ Bc7 60. Qxc7# {Hossa checkmated} 1-0